Football by Letter - G - Statistics

General Stats
  • This quiz has been taken 78 times
  • The average score is 13 of 15
Answer Stats
Hint Answer % Correct
One of the best Manchester United winger ever, has a statue of him alongside two other Manchester United legend outside Old Trafford {George} Best
99%
Nicknamed 'Die Nationalmannschaft', this nation has won 4 World Cup titles so far Germany
99%
Considered to be the one of the best Welsh player of all time, played for Tottenham Hotspur, Real Madrid and Los Angeles FC {Gareth} Bale
97%
Spanish manager who is a tactical genius, who's 'more than you believe' interview has gone viral Pep {Guardiola}
97%
Pelé, Diego Maradona, Lionel Messi, Cristiano Ronaldo are often referred as this animal Goat
93%
AC Milan French striker who has played for Arsenal and ChelseaWon the FIFA Puskas Award for his scorpion kick against Crystal Palace Olivier {Giroud}
92%
Older brother of the Nevilles, working as a commentator for Sky Sports (he was a terrible manager in Valencia) {Gary} Neville
90%
Dutch winger who signed for Liverpool in January 2023 for between £35m and £45m Cody {Gakpo}
89%
Dutch former player who can play as a forward, midfielder or defender. Played for Chelsea and AC Milan in his career Ruud {Gullit}
89%
One of the biggest football club in Turkey along with Fenerbahçe and Beşiktaş Galatasaray
87%
Everton's stadium since 1892 and has a capacity of 39,414Fun fact: It was the oldest stadium to be built in ENGLAND {Goodison} Park
83%
This Scottish club has the oldest stadium to be built in UK: The Ibrox was built in 1887 {Glasgow} Rangers
80%
Italian goalkeeper who played for AC Milan, and is now playing for Paris Saint-Germain {Gianluigi} Donnarumma
70%
Uruguayan forward Luis Suárez signed for this Brazilian side at the end of 2022 Grêmio
62%
This English League Two side has an astonishing FA Cup run in 2022/23 season, beating Plymouth Argyle, Cambridge United, Burton, Luton Town and most recently Premier League side Southampton {Grimsby} Town
58%
No matching quizzes found
Score Distribution
Percent of People with Each Score
Percentile by Number Answered
Your Score History
You have not taken this quiz